| 000 | 00589nam a2200169Ia 4500 | ||
|---|---|---|---|
| 008 | 220204s9999 xx 000 0 und d | ||
| 082 |
_aNR:33 _bINT |
||
| 245 | 0 | _aInternational Rubber Forum : The rubber industry in 2000-emerging from crisis? Boca del Rio, Veracruz, Mexico, 7-8 October 1999 | |
| 260 |
_aUK _bIRSG _c1999 |
||
| 650 | _aAmerican rubber industry | ||
| 650 | _aAmerican synthetic rubber production | ||
| 650 | _aCommon fund for commodities funding(CFC) | ||
| 650 | _aMexican rubber industry | ||
| 650 | _aNR research structure | ||
| 650 | _aRubber trading | ||
| 942 | _cBK | ||
| 999 |
_c41820 _d41820 |
||